Devinez l'État Américain Mystère #27 - Statistiques

Statistiques générales
  • Ce quiz a été pris 200 fois
  • Le résultat moyen est 27 sur 33
Statistiques - réponses
Type de Réponse Réponse % Correct
Lettre Trouvée A
99%
Lettre Trouvée E
99%
Lettre de l'Alphabet I
99%
Lettre Trouvée N
99%
Lettre de l'Alphabet O
99%
Lettre de l'Alphabet R
99%
Lettre de l'Alphabet S
98%
Lettre de l'Alphabet L
94%
Lettre de l'Alphabet M
94%
Lettre Trouvée D
93%
Lettre de l'Alphabet K
93%
Lettre de l'Alphabet T
93%
Lettre de l'Alphabet H
90%
Lettre de l'Alphabet W
88%
Lettre de l'Alphabet C
87%
Lettre de l'Alphabet F
87%
Lettre de l'Alphabet G
86%
Lettre de l'Alphabet U
83%
Lettre de l'Alphabet Y
82%
Lettre de l'Alphabet X
80%
Lettre de l'Alphabet B
79%
Lettre de l'Alphabet Z
73%
Lettre Bien Placée A
72%
Lettre Trouvée V
71%
Lettre de l'Alphabet P
70%
Lettre de l'Alphabet J
66%
Lettre de l'Alphabet Q
65%
Lettre Bien Placée A
62%
Lettre Bien Placée D
62%
Lettre Bien Placée E
62%
Lettre Bien Placée N
62%
État Mystère Nevada
62%
Lettre Bien Placée V
62%
Aucun quiz correspondant
Distribution des résultats
% des personnes avec chaque résultat
Percentile par nombre de réponses
Votre historique - résultats
Vous n’avez pas pris ce quiz